[Event "Sao Paulo-B U2050 op 5th"]
[Site "Sao Paulo"]
[Date "2016.10.15"]
[Round "3.6"]
[White "Bonfim, Regina Rodrigues"]
[Black "Fernandez, Hector Marcelo"]
[Result "1/2-1/2"]
[WhiteElo "1757"]
[BlackElo "1962"]
[PlyCount "127"]
[EventDate "2016.10.13"]
[EventType "swiss"]
[EventRounds "6"]
[EventCountry "BRA"]
[SourceTitle "EXT 2022"]
[Source "ChessBase"]
[SourceDate "2021.10.06"]
[SourceVersion "1"]
[SourceVersionDate "2021.10.06"]
[SourceQuality "1"]

1. d4 Nf6 2. c4 e6 3. Nf3 b6 4. e3 Bb7 5. Bd3 Be7 6. 0-0 0-0 7. Nc3 c5 8. b3 cxd4 9. exd4 Nc6 10. Be3 d5 11. Ne5 Rc8 12. Rc1 Ba3 13. Nxc6 Bxc6 14. Rc2 Bd6 15. c5 bxc5 16. dxc5 Be5 17. Bg5 h6 18. Bh4 Qa5 19. Ne2 Bb5 20. f4 Bb8 21. Bxb5 Qxb5 22. Bxf6 gxf6 23. Qd4 f5 24. b4 f6 25. Kh1 Qd7 26. Rd2 a5 27. a3 axb4 28. axb4 Bc7 29. Nc3 Rb8 30. g3 Qc8 31. b5 Ba5 32. b6 Qc6 33. Rg2 Bxc3 34. Qxc3 Rxb6 35. Rc1 Rb7 36. h3 Kf7 37. Kh2 Rfb8 38. Qf3 Rb2 39. Rcc2 Rxc2 40. Rxc2 Rb5 41. Qa3 Rb1 42. Qf3 Qa4 43. Rg2 Qa1 44. Rc2 Qa4 45. Qg2 Qc6 46. Qf3 Rb5 47. Qc3 e5 48. fxe5 fxe5 49. Qe3 Kg6 50. Qxe5 Rxc5 51. Rf2 Qf6 52. Qe8+ Qf7 53. Qxf7+ Kxf7 54. Rxf5+ Ke6 55. Rh5 Rc2+ 56. Kg1 d4 57. Kf1 d3 58. Ke1 Rg2 59. g4 Kd6 60. Kd1 Ke6 61. Rxh6+ Kd5 62. Rh8 Kd4 63. Rd8+ Kc3 64. Rc8+ 1/2-1/2

[Event "Sao Paulo-B U2050 op 5th"]
[Site "Sao Paulo"]
[Date "2016.10.15"]
[Round "4.8"]
[White "Fernandez, Hector Marcelo"]
[Black "Morimoto, Marcel"]
[Result "1-0"]
[WhiteElo "1962"]
[BlackElo "1458"]
[PlyCount "83"]
[EventDate "2016.10.13"]
[EventType "swiss"]
[EventRounds "6"]
[EventCountry "BRA"]
[SourceTitle "EXT 2022"]
[Source "ChessBase"]
[SourceDate "2021.10.06"]
[SourceVersion "1"]
[SourceVersionDate "2021.10.06"]
[SourceQuality "1"]

1. c4 e6 2. e4 d5 3. cxd5 exd5 4. exd5 Qxd5 5. Nc3 Qd8 6. d4 Nf6 7. Nf3 Bg4 8. Be2 Bd6 9. 0-0 0-0 10. Bg5 Nbd7 11. h3 Bh5 12. Rc1 a6 13. Qb3 Rb8 14. Ne4 Be7 15. Ng3 Bg6 16. Bf4 Ne8 17. Ne5 Nd6 18. Nxg6 hxg6 19. Rc2 Nf6 20. Rfc1 Nfe8 21. Bd3 b5 22. Rc6 a5 23. a3 a4 24. Qd5 Kh7 25. Qf3 f5 26. Be5 b4 27. axb4 Rxb4 28. R1c2 Rb3 29. Qe2 Qd7 30. Nf1 Rxb2 31. Rxd6 cxd6 32. Rxb2 dxe5 33. dxe5 Nc7 34. Bc4 Re8 35. Bf7 Rf8 36. Rd2 Qc6 37. Rc2 Qb6 38. Ba2 Re8 39. Qc4 Bd8 40. Ne3 Rxe5 41. Qg8+ Kh6 42. Qxd8 1-0

[Event "Sao Sebastiao do Paraiso Ferias CXSSP I"]
[Site "Sao Sebastiao do Paraiso"]
[Date "2016.07.23"]
[Round "3.7"]
[White "Fernandez, Hector Marcelo"]
[Black "De Padua, Camila Marques"]
[Result "1/2-1/2"]
[WhiteElo "1994"]
[BlackElo "1725"]
[PlyCount "66"]
[EventDate "2016.07.22"]
[EventType "swiss"]
[EventRounds "6"]
[EventCountry "BRA"]
[SourceTitle "EXT 2022"]
[Source "ChessBase"]
[SourceDate "2021.10.06"]
[SourceVersion "1"]
[SourceVersionDate "2021.10.06"]
[SourceQuality "1"]

1. c4 e6 2. e4 d5 3. exd5 exd5 4. cxd5 Nf6 5. Nc3 Nxd5 6. d4 Be6 7. Nf3 Be7 8. Be2 0-0 9. 0-0 Nc6 10. a3 Bf6 11. Ne4 h6 12. Re1 Bf5 13. Bc4 Nb6 14. Nxf6+ Qxf6 15. Ba2 Rad8 16. Be3 Bg4 17. Rc1 Rfe8 18. h3 Be6 19. Bxe6 Rxe6 20. Re2 Nd5 21. Qd2 Red6 22. Rd1 Nce7 23. Qe1 Nf5 24. Red2 Qe7 25. Rd3 Nfxe3 26. fxe3 Qe4 27. Qh4 Qxh4 28. Nxh4 Re6 29. Kf2 Rde8 30. Re1 Rb6 31. b4 Rf6+ 32. Nf3 c6 33. g4 Rfe6 1/2-1/2

[Event "Nova Odessa IRT 111 anos"]
[Site "Nova Odessa"]
[Date "2016.05.21"]
[Round "2.2"]
[White "Correia, Vitor Paie"]
[Black "Fernandez, Hector Marcelo"]
[Result "0-1"]
[WhiteElo "1512"]
[BlackElo "1994"]
[PlyCount "110"]
[EventDate "2016.05.21"]
[EventType "swiss"]
[EventRounds "5"]
[EventCountry "BRA"]
[SourceTitle "EXT 2022"]
[Source "ChessBase"]
[SourceDate "2021.10.06"]
[SourceVersion "1"]
[SourceVersionDate "2021.10.06"]
[SourceQuality "1"]

1. e4 c5 2. Nf3 d6 3. d4 cxd4 4. Nxd4 Nf6 5. Nc3 g6 6. f3 Bg7 7. Be3 Nc6 8. Qd2 0-0 9. 0-0-0 d5 10. exd5 Nxd5 11. Nxc6 bxc6 12. Nxd5 cxd5 13. h4 Rb8 14. b3 Qc7 15. g4 Bc3 16. Qxd5 Bb7 17. Qc5 Qxc5 18. Bxc5 Bxf3 19. Bc4 Bxh1 20. Rxh1 Rb7 21. g5 Rc7 22. Be3 Rd8 23. h5 e6 24. Bd3 Be5 25. Kb1 Kg7 26. h6+ Kg8 27. Rh4 Rcd7 28. Ra4 Bb8 29. Bd2 Rd5 30. Be3 R8d7 31. Rb4 Bd6 32. Rc4 Be7 33. Bc1 a5 34. a4 Rc5 35. Rg4 f5 36. Rg2 e5 37. Bc4+ Rxc4 38. bxc4 Rb7+ 39. Ka2 Rb4 40. c3 Rxc4 41. Kb3 Rc7 42. Re2 e4 43. Bf4 Rd7 44. Kc2 Kf7 45. Re1 Rb7 46. Rd1 Ke6 47. Rd4 Bc5 48. Rd8 Rd7 49. Rc8 Kd5 50. Rb8 Bd6 51. Rb5+ Kc6 52. Be3 f4 53. Bd4 e3 54. Kd3 Bc7 55. Ke2 Rd6 0-1

[Event "Sao Paulo op-B U2050 4th"]
[Site "Sao Paulo"]
[Date "2016.03.26"]
[Round "4"]
[White "Fernandez, Hector Marcelo"]
[Black "De Paula, Guilherme Bueno"]
[Result "0-1"]
[WhiteElo "1999"]
[BlackElo "1898"]
[PlyCount "116"]
[EventDate "2016.03.24"]
[EventType "swiss"]
[EventRounds "7"]
[EventCountry "BRA"]
[SourceTitle "CBM 171 Extra"]
[Source "ChessBase"]
[SourceDate "2016.04.26"]
[SourceVersion "1"]
[SourceVersionDate "2016.04.26"]
[SourceQuality "1"]

1. c4 e5 2. Nc3 Nf6 3. Nf3 e4 4. Ng5 b5 5. cxb5 d5 6. d3 h6 7. Nh3 Bb4 8. a3 Bxc3+ 9. bxc3 g5 10. g3 Bf5 11. a4 Qd7 12. Ng1 Qe6 13. d4 Nbd7 14. e3 Nb6 15. Ba3 Nc4 16. Qb3 Kd7 17. h3 Rhb8 18. Bb4 c6 19. Bc5 Rb7 20. g4 Bg6 21. Bxc4 dxc4 22. Qa3 cxb5 23. a5 a6 24. Ne2 Nd5 25. Ng3 f5 26. gxf5 Bxf5 27. h4 g4 28. Ne2 Kc6 29. Bb4 Rf7 30. Ra2 Bg6 31. h5 Bh7 32. Ng3 Rf3 33. Re2 Ra7 34. Rg1 Raf7 35. Bc5 R7f6 36. Bb6 Nxb6 37. axb6 Kxb6 38. Ra2 Kb7 39. d5 Qd6 40. Qxd6 Rxd6 41. Rd2 Rf7 42. Ne2 Rg7 43. Nf4 Rg5 44. Ke2 Bg8 45. Rgd1 Kb6 46. Rd4 Kc5 47. Ra1 Bxd5 48. Rad1 a5 49. Re1 Ra6 50. Ra1 Bf7 51. Rxe4 Rd6 52. Re7 Rf5 53. Rg1 Bxh5 54. Ne6+ Rxe6 55. Rxe6 g3+ 56. f3 Bxf3+ 57. Ke1 g2 58. Rxh6 Bc6 0-1

[Event "Sao Paulo op-B U2050 4th"]
[Site "Sao Paulo"]
[Date "2016.03.26"]
[Round "5"]
[White "Teshima, Ricardo Yoshida"]
[Black "Fernandez, Hector Marcelo"]
[Result "1/2-1/2"]
[WhiteElo "1780"]
[BlackElo "1999"]
[PlyCount "139"]
[EventDate "2016.03.24"]
[EventType "swiss"]
[EventRounds "7"]
[EventCountry "BRA"]
[SourceTitle "CBM 171 Extra"]
[Source "ChessBase"]
[SourceDate "2016.04.26"]
[SourceVersion "1"]
[SourceVersionDate "2016.04.26"]
[SourceQuality "1"]

1. e4 c5 2. c3 Nf6 3. e5 Nd5 4. d4 cxd4 5. cxd4 e6 6. Nf3 Be7 7. Bc4 Nb6 8. Bb3 d5 9. 0-0 Bd7 10. Nc3 a6 11. Be3 Nc6 12. Nd2 Na5 13. Bc2 Nac4 14. Nxc4 Nxc4 15. Bc1 Rc8 16. Qg4 g6 17. Bd3 b5 18. b3 Nxe5 19. dxe5 Rxc3 20. Rd1 Rc8 21. Be3 Qc7 22. Rac1 Qa5 23. Rxc8+ Bxc8 24. Rc1 Bd7 25. Bb1 0-0 26. h4 Rc8 27. Rd1 Qb4 28. f4 Bc5 29. Bxc5 Qxc5+ 30. Kh2 Qe3 31. h5 Rc1 32. Qg5 Rxd1 33. Qd8+ Be8 34. Qxe8+ Kg7 35. h6+ Kxh6 36. Qxf7 Qg1+ 37. Kh3 Qh1+ 38. Kg3 Rxb1 39. Qf6 Qe1+ 40. Kh3 Qe3+ 41. Kh2 Qg1+ 42. Kg3 Qb6 43. Qf8+ Kh5 44. Qf6 Qe3+ 45. Kh2 Qg1+ 46. Kh3 Qh1+ 47. Kg3 Qe1+ 48. Kh3 Qe3+ 49. Kh2 Rh1+ 50. Kxh1 Qe1+ 51. Kh2 Qh4+ 52. Kg1 Qg4 53. b4 d4 54. a3 d3 55. Qd8 Qxf4 56. Qxd3 Qxe5 57. Qd1+ Kg5 58. Qd2+ Kg4 59. Qd1+ Kh4 60. Qc1 h5 61. Kh1 g5 62. Qg1 g4 63. Qf2+ g3 64. Qg1 Qf5 65. Qa1 e5 66. a4 bxa4 67. b5 axb5 68. Qe1 Qf4 69. Qd1 Qd4 70. Qxh5+ 1/2-1/2

[Event "Sao Paulo op-B U2050 4th"]
[Site "Sao Paulo"]
[Date "2016.03.25"]
[Round "3"]
[White "Da Silva, Joao Carlos Orguim"]
[Black "Fernandez, Hector Marcelo"]
[Result "0-1"]
[WhiteElo "1859"]
[BlackElo "1999"]
[PlyCount "142"]
[EventDate "2016.03.24"]
[EventType "swiss"]
[EventRounds "7"]
[EventCountry "BRA"]
[SourceTitle "CBM 171 Extra"]
[Source "ChessBase"]
[SourceDate "2016.04.26"]
[SourceVersion "1"]
[SourceVersionDate "2016.04.26"]
[SourceQuality "1"]

1. Nf3 Nf6 2. d4 g6 3. Nbd2 Bg7 4. e4 d6 5. Bd3 0-0 6. 0-0 Nc6 7. c3 a6 8. Re1 e5 9. d5 Ne7 10. c4 c5 11. h3 Bd7 12. Kh2 Qc7 13. g4 b5 14. b3 Rad8 15. Nf1 Qc8 16. Ng1 h5 17. f3 Kh7 18. Ng3 Rh8 19. g5 Ne8 20. h4 Rf8 21. Qc2 f5 22. Bf1 Nc7 23. Bh3 f4 24. Nf1 Qa8 25. Bxd7 Rxd7 26. a4 bxc4 27. bxc4 a5 28. Bd2 Rb8 29. Reb1 Rdd8 30. Rxb8 Rxb8 31. Rb1 Rxb1 32. Qxb1 Nc8 33. Bc3 Qa7 34. Nd2 Bf8 35. Ne2 Be7 36. Qb3 Bd8 37. Nb1 Qb6 38. Qc2 Na6 39. Na3 Nb4 40. Qd2 Qc7 41. Nxf4 exf4 42. Qxf4 Kg8 43. Nb5 Qf7 44. Qxf7+ Kxf7 45. Kg3 Be7 46. e5 Ke8 47. Nc7+ Kd7 48. Ne6 Nb6 49. Nf4 dxe5 50. Nxg6 Nxc4 51. Nxe5+ Nxe5 52. Bxe5 Nxd5 53. Kf2 Ke6 54. Bb2 Kf5 55. Kg3 Bd6+ 56. Kf2 c4 57. Ke2 c3 58. Bc1 Bf4 59. Bxf4 Nxf4+ 60. Kd1 Ke5 61. Kc1 Kd4 62. Kc2 Kc4 63. Kb1 Kb3 64. Kc1 Kxa4 65. Kb1 Kb3 66. Kc1 a4 67. Kb1 a3 68. g6 Nxg6 69. f4 Nxh4 70. f5 Nxf5 71. Kc1 a2 0-1

[Event "Sao Paulo op-B U2050 4th"]
[Site "Sao Paulo"]
[Date "2016.03.25"]
[Round "2"]
[White "Fernandez, Hector Marcelo"]
[Black "Nobre, Jailson Altair Barb"]
[Result "1-0"]
[WhiteElo "1999"]
[BlackElo "1696"]
[PlyCount "121"]
[EventDate "2016.03.24"]
[EventType "swiss"]
[EventRounds "7"]
[EventCountry "BRA"]
[SourceTitle "CBM 171 Extra"]
[Source "ChessBase"]
[SourceDate "2016.04.26"]
[SourceVersion "1"]
[SourceVersionDate "2016.04.26"]
[SourceQuality "1"]

1. c4 e5 2. Nc3 Nf6 3. Nf3 d6 4. g3 g6 5. d3 Bg7 6. Bg2 h6 7. h3 0-0 8. 0-0 c6 9. Be3 Nbd7 10. Rb1 d5 11. cxd5 cxd5 12. d4 e4 13. Ne5 Re8 14. Nxd7 Bxd7 15. Qd2 Kh7 16. Rbc1 Rc8 17. Kh2 Bc6 18. b4 b5 19. a4 bxa4 20. b5 Bd7 21. Qa2 Rc4 22. Nxd5 Rxc1 23. Rxc1 Be6 24. Nxf6+ Bxf6 25. Qxa4 Qd7 26. Qa5 Bd8 27. Qd2 h5 28. Bxe4 Bd5 29. Bd3 h4 30. Bf4 hxg3+ 31. Bxg3 Be6 32. Rc5 Kg8 33. Qh6 Bf6 34. Bxg6 fxg6 35. Qxg6+ Bg7 36. Rc7 Bf7 37. Qxg7+ Kxg7 38. Rxd7 Rxe2 39. Rxa7 Rb2 40. Rb7 Kg6 41. Rb6+ Kf5 42. Bh4 Bd5 43. Rf6+ Ke4 44. b6 Kxd4 45. Rf4+ Kc5 46. Bd8 Rb1 47. f3 Kd6 48. h4 Ke6 49. h5 Rb5 50. Kg3 Kd7 51. Bc7 Bb7 52. h6 Rg5+ 53. Rg4 Rf5 54. f4 Rf7 55. Rg7 Ke6 56. Be5 Rxg7+ 57. Bxg7 Kf7 58. f5 Kg8 59. Kf4 Kf7 60. Be5 Kg8 61. Kg5 1-0

[Event "Nova Odessa Regional 9th"]
[Site "Nova Odessa"]
[Date "2016.01.31"]
[Round "5"]
[White "Rouanet, Luiz Paulo"]
[Black "Fernandez, Hector Marcelo"]
[Result "0-1"]
[WhiteElo "2014"]
[BlackElo "1999"]
[PlyCount "51"]
[EventDate "2016.01.30"]
[EventType "swiss"]
[EventRounds "5"]
[EventCountry "BRA"]
[SourceTitle "EXT 2017"]
[Source "ChessBase"]
[SourceDate "2016.10.25"]
[SourceVersion "1"]
[SourceVersionDate "2016.10.25"]
[SourceQuality "1"]

1. d4 Nf6 2. Bf4 d5 3. e3 c5 4. c3 Nc6 5. h3 e6 6. Nf3 Qb6 7. Qb3 c4 8. Qc2 Qd8 9. Nbd2 Bd7 10. Be2 b5 11. e4 Be7 12. 0-0 0-0 13. Ne5 Nxe5 14. Bxe5 Bc6 15. f3 Nd7 16. Bh2 f5 17. exf5 exf5 18. Rae1 f4 19. Bd1 Bh4 20. Re2 Qg5 21. Kh1 Rae8 22. Nb1 Nf6 23. Qd2 Nh5 24. g4 fxg3 25. Qxg5 Bxg5 26. Bg1 0-1

[Event "Nova Odessa Regional 9th"]
[Site "Nova Odessa"]
[Date "2016.01.30"]
[Round "1"]
[White "Machado, Felipe Julio"]
[Black "Fernandez, Hector Marcelo"]
[Result "1/2-1/2"]
[WhiteElo "1618"]
[BlackElo "1999"]
[PlyCount "48"]
[EventDate "2016.01.30"]
[EventType "swiss"]
[EventRounds "5"]
[EventCountry "BRA"]
[SourceTitle "EXT 2017"]
[Source "ChessBase"]
[SourceDate "2016.10.25"]
[SourceVersion "1"]
[SourceVersionDate "2016.10.25"]
[SourceQuality "1"]

1. e4 c6 2. Nc3 d5 3. Nf3 Bg4 4. d4 e6 5. h3 Bh5 6. Bd3 Nd7 7. Qe2 Bb4 8. Bd2 Ne7 9. 0-0 0-0 10. exd5 exd5 11. Bxh7+ Kxh7 12. Ng5+ Kg8 13. Qxh5 Nf6 14. Qf3 Bd6 15. Rfe1 Qd7 16. Qd3 Ng6 17. Re2 Nf4 18. Bxf4 Bxf4 19. Nf3 Rae8 20. Rae1 Rxe2 21. Rxe2 Bd6 22. Re1 Bb4 23. Nd2 Re8 24. Rxe8+ Qxe8 1/2-1/2

[Event "Nova Odessa op"]
[Site "Nova Odessa"]
[Date "2014.06.01"]
[Round "5"]
[White "Deus Filho, Joaquim"]
[Black "Fernandez, Hector Marcelo"]
[Result "1/2-1/2"]
[WhiteElo "2028"]
[BlackElo "2022"]
[PlyCount "134"]
[EventDate "2014.05.30"]
[EventType "swiss"]
[EventRounds "6"]
[EventCountry "BRA"]
[SourceTitle "CBM 160 Extra"]
[Source "ChessBase"]
[SourceDate "2014.07.01"]
[SourceVersion "1"]
[SourceVersionDate "2014.07.01"]
[SourceQuality "1"]

1. e4 c6 2. d4 d5 3. Nc3 dxe4 4. Nxe4 Bf5 5. Ng3 Bg6 6. Bc4 e6 7. N1e2 Bb4+ 8. c3 Bd6 9. 0-0 Ne7 10. h4 h6 11. h5 Bh7 12. Nf4 Nd5 13. Qg4 Qg5 14. Qxg5 hxg5 15. Nfe2 Nf4 16. Rd1 Nd7 17. Nxf4 gxf4 18. Nf1 Bc2 19. Rd2 Bf5 20. Be2 Nf6 21. Nh2 Nxh5 22. Nf3 Nf6 23. Rd1 Bg4 24. Re1 Nd5 25. a3 Rh5 26. c4 Ne7 27. Nd2 Bxe2 28. Rxe2 0-0-0 29. b4 Rdh8 30. f3 Nf5 31. Ne4 Be7 32. Bb2 Ng3 33. Ree1 Nf5 34. Kf2 Ne3 35. Rac1 Rh2 36. Rg1 R8h5 37. Ke2 f5 38. Nc5 Rg5 39. Kd3 Rgxg2 40. Rxg2 Rxg2 41. Bc3 Rg6 42. Rh1 b6 43. Rh8+ Bd8 44. Nb7 Kxb7 45. Rxd8 b5 46. cxb5 cxb5 47. Rd7+ Kb8 48. d5 Nxd5 49. Be5+ Ka8 50. Kd4 Nb6 51. Rf7 Nc4 52. Bxf4 Rf6 53. Re7 g5 54. Bxg5 e5+ 55. Kc5 Rg6 56. f4 e4 57. a4 a6 58. axb5 axb5 59. Kxb5 Ne3 60. Kc5 Rg8 61. Kd4 Nc2+ 62. Ke5 Rb8 63. Kxf5 e3 64. Re4 Rxb4 65. Rxb4 Nxb4 66. Ke4 e2 67. Bh4 Nc6 1/2-1/2

[Event "Nova Odessa op"]
[Site "Nova Odessa"]
[Date "2014.05.30"]
[Round "1"]
[White "Cardoso, Julia Aguiar Vieira"]
[Black "Fernandez, Hector Marcelo"]
[Result "0-1"]
[WhiteElo "1766"]
[BlackElo "2022"]
[PlyCount "78"]
[EventDate "2014.05.30"]
[EventType "swiss"]
[EventRounds "6"]
[EventCountry "BRA"]
[SourceTitle "CBM 160 Extra"]
[Source "ChessBase"]
[SourceDate "2014.07.01"]
[SourceVersion "1"]
[SourceVersionDate "2014.07.01"]
[SourceQuality "1"]

1. e4 c6 2. d4 d5 3. exd5 cxd5 4. Bd3 Nf6 5. c3 Nc6 6. Nf3 e6 7. Bf4 Be7 8. 0-0 0-0 9. Nbd2 Re8 10. Qc2 Bd7 11. Rfe1 Rc8 12. Qd1 a6 13. Qe2 Nh5 14. Bg3 g6 15. Nb3 b5 16. a4 Nxg3 17. hxg3 bxa4 18. Rxa4 Ne5 19. Rxa6 Nxd3 20. Qxd3 Rb8 21. Qc2 Bc8 22. Ra2 Qb6 23. Nbd2 Ba6 24. Ne5 Bb5 25. Ndf3 Ra8 26. Rea1 Rxa2 27. Rxa2 Rb8 28. Nd2 Kg7 29. Nef3 Qc7 30. Ne5 Bd6 31. Ndf3 f6 32. Ng4 Bc4 33. Ra1 h5 34. Ne3 Bb5 35. Nh4 Be8 36. b3 Rc8 37. c4 dxc4 38. bxc4 e5 39. Nd5 Qb7 0-1

[Event "Americana Paulista op"]
[Site "Americana"]
[Date "2013.09.22"]
[Round "5"]
[White "Fernandez, Hector Marcelo"]
[Black "Calixto, Roberto Carlos"]
[Result "1-0"]
[WhiteElo "2027"]
[BlackElo "1822"]
[PlyCount "139"]
[EventDate "2013.09.20"]
[EventType "swiss"]
[EventRounds "6"]
[EventCountry "BRA"]
[SourceTitle "CBM 156 Extra"]
[Source "ChessBase"]
[SourceDate "2013.10.22"]
[SourceVersion "1"]
[SourceVersionDate "2013.10.22"]
[SourceQuality "1"]

1. c4 c5 2. Nc3 e6 3. Nf3 d5 4. cxd5 exd5 5. d4 Be6 6. Bf4 a6 7. e3 Nc6 8. Be2 Nf6 9. 0-0 Be7 10. Rc1 0-0 11. dxc5 Qa5 12. a3 Qxc5 13. b4 Qa7 14. Na4 Rac8 15. Nc5 Bxc5 16. Rxc5 Ne4 17. Rc1 Ne7 18. Qd3 Bf5 19. Qb3 Be6 20. Qb2 Nc6 21. Rfd1 Rfd8 22. Nd4 Nxd4 23. Rxd4 Rxc1+ 24. Qxc1 Rc8 25. Qb2 Qb6 26. Bf1 Qc6 27. f3 Nd6 28. e4 Nc4 29. exd5 Bxd5 30. Bxc4 Bxc4 31. Rd6 Qe8 32. Qd2 Bb5 33. Be3 Rc2 34. Qd4 Rc1+ 35. Kf2 Rc2+ 36. Kg3 Rc4 37. Qb6 Qe5+ 38. f4 Qe4 39. Rd8+ Be8 40. Bd2 Rc6 41. Qg1 Rg6+ 42. Kf2 h5 43. g3 Kh7 44. Qe1 Qxe1+ 45. Bxe1 Bc6 46. Bc3 h4 47. Rf8 hxg3+ 48. hxg3 Bd5 49. Rd8 Be6 50. Rd4 Rh6 51. f5 Rh2+ 52. Ke3 g6 53. Rd8 f6 54. Bxf6 gxf5 55. Rh8+ Kg6 56. Rxh2 Kxf6 57. Kf4 Kg6 58. Rc2 Kf6 59. Rc5 Bd7 60. Rd5 Be6 61. Rd6 Ke7 62. Ke5 Bc8 63. Rd2 Bd7 64. Rxd7+ Kxd7 65. Kxf5 Ke7 66. g4 Kf7 67. a4 b6 68. a5 bxa5 69. bxa5 Kg7 70. Ke6 1-0

[Event "Americana Region-ch 4th"]
[Site "Americana"]
[Date "2013.01.26"]
[Round "2.3"]
[White "Fernandez, Hector Marcelo"]
[Black "Schucman, Rebeca Lot"]
[Result "0-1"]
[WhiteElo "2068"]
[BlackElo "1633"]
[PlyCount "115"]
[EventDate "2013.01.25"]
[EventType "swiss"]
[EventRounds "6"]
[EventCountry "BRA"]
[SourceTitle "EXT 2022"]
[Source "ChessBase"]
[SourceDate "2021.10.06"]
[SourceVersion "1"]
[SourceVersionDate "2021.10.06"]
[SourceQuality "1"]

1. c4 c5 2. Nc3 Nc6 3. Nf3 Nf6 4. g3 g6 5. d4 cxd4 6. Nxd4 Bg7 7. Bg2 0-0 8. 0-0 Nxd4 9. Qxd4 d6 10. Qd3 a6 11. b3 Bf5 12. Qe3 Be4 13. Bb2 Bxg2 14. Kxg2 Rc8 15. Rfd1 Qc7 16. Rac1 Rfe8 17. Nd5 Nxd5 18. cxd5 Qd7 19. Bxg7 Kxg7 20. Qd4+ Kg8 21. e4 b5 22. Qb6 Ra8 23. Rc7 Qg4 24. f3 Qg5 25. Rdc1 Qd2+ 26. Qf2 Qxf2+ 27. Kxf2 Kg7 28. R1c6 Kf6 29. f4 Kg7 30. Ke3 Kf8 31. Rb7 Reb8 32. Rbb6 Rxb6 33. Rxb6 Ke8 34. e5 Kd7 35. Kd3 Kc7 36. Rc6+ Kd7 37. exd6 exd6 38. g4 f5 39. gxf5 gxf5 40. Kd4 Ra7 41. a3 Ra8 42. b4 Ra7 43. Rc3 Rc7 44. Rh3 Ke8 45. Rh6 Rd7 46. Rf6 Ke7 47. Rxf5 Rc7 48. Rh5 Kf6 49. Rh6+ Kf5 50. Rxd6 Rc4+ 51. Kd3 Rxf4 52. Rxa6 Ke5 53. Rh6 Kxd5 54. Rh5+ Kc6 55. Ke3 Rf7 56. Rh6+ Kb7 57. Kd4 Rc7 58. Kd5 0-1

[Event "Americana Region-ch 4th"]
[Site "Americana"]
[Date "2013.01.25"]
[Round "1.1"]
[White "Pastana, Rafael Pedroni"]
[Black "Fernandez, Hector Marcelo"]
[Result "1/2-1/2"]
[WhiteElo "1745"]
[BlackElo "2068"]
[PlyCount "83"]
[EventDate "2013.01.25"]
[EventType "swiss"]
[EventRounds "6"]
[EventCountry "BRA"]
[SourceTitle "EXT 2022"]
[Source "ChessBase"]
[SourceDate "2021.10.06"]
[SourceVersion "1"]
[SourceVersionDate "2021.10.06"]
[SourceQuality "1"]

1. d4 d5 2. c4 e6 3. Nc3 Nf6 4. Bg5 c6 5. e3 Bb4 6. Qc2 Nbd7 7. Nf3 Qa5 8. Nd2 Ne4 9. Ndxe4 dxe4 10. Bf4 0-0 11. Be2 e5 12. dxe5 Nxe5 13. a3 Nd3+ 14. Bxd3 exd3 15. Qb3 Bxc3+ 16. Qxc3 Qxc3+ 17. bxc3 Be6 18. Bd6 Rfd8 19. c5 b6 20. Kd2 bxc5 21. Bxc5 Rd5 22. Be7 Rd7 23. Bc5 Bb3 24. Rab1 Bc2 25. Rb4 Rd5 26. Be7 Rb5 27. Rxb5 cxb5 28. Bc5 a5 29. Ra1 Rc8 30. Bb6 a4 31. Bd4 f6 32. Ra2 Rd8 33. Rb2 Rd5 34. g3 f5 35. h4 g6 36. Rb4 Kf7 37. Bb6 Ke6 38. f4 Kd7 39. Bd4 Kc6 40. Bf6 Rd6 41. Be5 Rd5 42. Bf6 1/2-1/2

[Event "Nova Odessa IRT Regional 2nd"]
[Site "Nova Odessa"]
[Date "2011.09.10"]
[Round "4.1"]
[White "Fernandez, Hector Marcelo"]
[Black "Casarin, Luis Marcio Pinhatt"]
[Result "1-0"]
[WhiteElo "2063"]
[BlackElo "1944"]
[PlyCount "125"]
[EventDate "2011.09.09"]
[EventType "swiss"]
[EventRounds "6"]
[EventCountry "BRA"]
[SourceTitle "EXT 2022"]
[Source "ChessBase"]
[SourceDate "2021.10.06"]
[SourceVersion "1"]
[SourceVersionDate "2021.10.06"]
[SourceQuality "1"]

1. c4 Nf6 2. g3 c5 3. Nc3 e6 4. Nf3 Nc6 5. Bg2 d5 6. cxd5 exd5 7. d4 cxd4 8. Nxd4 Bb4 9. 0-0 Bxc3 10. bxc3 0-0 11. Bg5 Be6 12. Rb1 Na5 13. Qd3 h6 14. Bf4 a6 15. Rfd1 Qe7 16. Rb4 Rac8 17. Rdb1 Ne4 18. Bxe4 dxe4 19. Qxe4 Rxc3 20. Bd2 Rc4 21. Rxc4 Nxc4 22. Bb4 Nd6 23. Qe5 Rd8 24. Bxd6 Qxd6 25. Qxd6 Rxd6 26. Nxe6 Rxe6 27. e3 b5 28. Rb4 Kf8 29. a4 bxa4 30. Rxa4 Ke7 31. Kf1 Kd7 32. Ke2 Rd6 33. Rf4 Ke6 34. h4 f6 35. h5 Rd5 36. Ra4 a5 37. g4 Kd6 38. e4 Rb5 39. f4 Kc6 40. Kd3 Kb6 41. Kc4 Rb1 42. e5 fxe5 43. fxe5 Rg1 44. Kd5 Kb5 45. Rd4 a4 46. e6 Re1 47. Rd3 Kb4 48. Kd6 a3 49. Rd2 Kc3 50. Rf2 Kb3 51. Rf3+ Kb2 52. Rf2+ Kb1 53. e7 a2 54. Rxa2 Kxa2 55. Kd7 Rd1+ 56. Ke6 Re1+ 57. Kf7 Rf1+ 58. Kxg7 Re1 59. Kxh6 Kb3 60. Kg6 Rxe7 61. h6 Kc4 62. h7 Re8 63. g5 1-0

[Event "Nova Odessa IRT Regional 1st"]
[Site "Nova Odessa"]
[Date "2011.08.07"]
[Round "6.4"]
[White "De Freitas, Rames Fialho"]
[Black "Fernandez, Hector Marcelo"]
[Result "1/2-1/2"]
[WhiteElo "1825"]
[BlackElo "2079"]
[PlyCount "64"]
[EventDate "2011.08.05"]
[EventType "swiss"]
[EventRounds "6"]
[EventCountry "BRA"]
[SourceTitle "EXT 2022"]
[Source "ChessBase"]
[SourceDate "2021.10.06"]
[SourceVersion "1"]
[SourceVersionDate "2021.10.06"]
[SourceQuality "1"]

1. c4 Nf6 2. Nc3 e6 3. e4 Bb4 4. Bd3 Nc6 5. Nf3 e5 6. Nd5 Bc5 7. a3 a5 8. 0-0 d6 9. Rb1 Bg4 10. Ne3 Bd7 11. Bc2 0-0 12. d3 Nd4 13. Nxd4 Bxd4 14. Nf5 Bxf5 15. exf5 Nd7 16. Qf3 c6 17. Bd2 f6 18. Be3 Re8 19. Rfe1 Qc7 20. Re2 Kh8 21. Bxd4 exd4 22. Rbe1 Re5 23. Qg4 Rae8 24. f4 Rxe2 25. Rxe2 Qd8 26. Kf2 Re7 27. Rxe7 Qxe7 28. Qe2 Qxe2+ 29. Kxe2 Kg8 30. Kf3 Kf7 31. Ke4 c5 32. Ba4 Nb6 1/2-1/2

[Event "Nova Odessa IRT Regional 1st"]
[Site "Nova Odessa"]
[Date "2011.08.05"]
[Round "1.2"]
[White "Gueleres, Alexandre Zaminato"]
[Black "Fernandez, Hector Marcelo"]
[Result "0-1"]
[WhiteElo "1820"]
[BlackElo "2079"]
[PlyCount "76"]
[EventDate "2011.08.05"]
[EventType "swiss"]
[EventRounds "6"]
[EventCountry "BRA"]
[SourceTitle "EXT 2022"]
[Source "ChessBase"]
[SourceDate "2021.10.06"]
[SourceVersion "1"]
[SourceVersionDate "2021.10.06"]
[SourceQuality "1"]

1. d4 Nf6 2. c4 e6 3. Nc3 d5 4. e3 Be7 5. Nf3 0-0 6. Bd3 c5 7. 0-0 Nc6 8. cxd5 exd5 9. h3 Re8 10. a3 b6 11. Re1 Bb7 12. Bd2 Bf8 13. Rc1 a6 14. Ne2 Ne4 15. dxc5 bxc5 16. Bc3 Nxc3 17. Nxc3 g6 18. Bb1 Ne5 19. Ba2 d4 20. Nxe5 Rxe5 21. exd4 Rxe1+ 22. Qxe1 cxd4 23. Rd1 Bg7 24. Qd2 Qd6 25. Qd3 Rd8 26. Ne2 Qc6 27. f3 Qd6 28. Bc4 Bc8 29. b4 Bf5 30. Qd2 d3 31. Qe3 d2 32. Qb3 Rd7 33. Kf1 h5 34. a4 Bh6 35. b5 axb5 36. axb5 Rb7 37. Bd5 Be6 38. Bxe6 fxe6 0-1